000
00275nam a2200097Ia 4500
008
171211s9999 xx 000 0 und d
245
4
_a
The Benchmarking Book
260
_c
2009
650
_x
Engineering and Technology
856
_u
http://down.ebook777.com/064/9780750689052.pdf
999
_c
350296
_d
350296